Najwyższe wartości piłkarzy w historii krajów europejskich - Statystyki

Ogólne statystyki
  • Ten quiz został rozwiązany 19 razy
  • Średni wynik to 26 z 56
Statystyki odpowiedzi
Narodowść Wartość Rok najwyższej
Wartości
Odpowiedź % Poprawnych
Belgia 150 mln € 2018 Eden Hazard/Kevin De Bruyne
94%
Francja 200 mln € 2018 Kylian Mbappé
94%
Dania 100 mln € 2019 Christian Eriksen
89%
Portugalia 120 mln € 2014 Cristiano Ronaldo
89%
Norwegia 200 mln € 2024 Erling Haaland
89%
Chorwacja 80 mln € 2023 Joško Gvardiol
89%
Polska 90 mln € 2018 Robert Lewandowski
89%
Austria 65 mln € 2019 David Alaba
83%
Niemcy 140 mln € 2024 Florian Wirtz/Jamal Musiala
83%
Walia 90 mln € 2016 Gareth Bale
83%
Gruzja 85 mln € 2023 Khvicha Kvaratskhelia
83%
Hiszpania 180 mln € 2024 Lamine Yamal
83%
Czechy 50 mln € 2022 Patrik Schick
83%
Szwecja 75 mln € 2024 Viktor Gyökeres/Alexander Isak
83%
Anglia 180 mln € 2023 Jude Bellingham
78%
Holandia 100 mln € 2019 Virgil van Dijk
78%
Węgry 75 mln € 2023 Dominik Szoboszlai
72%
Słowenia 100 mln € 2019 Jan Oblak
67%
Ukraina 60 mln € 2023 Mykhaylo Mudryk
67%
Serbia 90 mln € 2018 Sergej Milinković-Savić
67%
Turcja 45 mln € 2021/2024 Çaglar Söyüncü/Kenan Yıldiz/Hakan Çalhanoğlu/Arda Güler
61%
Armenia 37 mln € 2016 Henrikh Mkhitaryan
61%
Bośnia i Hercegowina 70 mln € 2018 Miralem Pjanić
61%
Czarnogóra 40 mln € 2018 Stefan Savić
61%
Słowacja 65 mln € 2021 Milan Škriniar
56%
Włochy 80 mln € 2024 Nicolò Barella
56%
Białoruś 19 mln € 2008 Aleksandr Hleb
50%
Szkocja 80 mln € 2019 Andrew Robertson
50%
Szwajcaria 50 mln € 2018 Granit Xhaka
50%
Islandia 35 mln € 2019 Gylfi Sigurdsson
50%
Rosja 30 mln € 2018/2019 Mário Fernandes/Aleksandr Golovin
50%
Bułgaria 34.5 mln € 2009 Dimitar Berbatov
44%
Macedonia Północna 26 mln € 2023 Eljif Elmas
39%
Grecja 45 mln € 2018 Kostas Manolas
33%
Rumunia 25 mln € 2008/2024 Adrian Mutu/Radu Drăguşin
28%
Albania 30 mln € 2022 Armando Broja
28%
Irlandia 65 mln € 2023 Evan Ferguson
22%
Kosowo 35 mln € 2019 Milot Rashica
22%
Estonia 4 mln € 2016 Ragnar Klavan
22%
Łotwa 6.5 mln € 2013 Artjoms Rudnevs
11%
Uzbekistan 14 mln € 2021 Eldor Shomurodov
11%
Luksemburg 17 mln € 2024 Leandro Barreiro
11%
San Marino 300 tyś € 2006 Andy Selva
6%
Irlandia Północna 20 mln € 2024 Conor Bradley
6%
Litwa 4 mln € 2024 Gvidas Gineitis
6%
Andora 800 tyś € 2023 Iker Álvarez
6%
Liechtenstein 2 mln € 2016 Marcel Büchel
6%
Izrael 25 mln € 2024 Oscar Gloukh
6%
Finlandia 20 mln € 2015 Roman Eremenko
6%
Kazachstan 6.5 mln € 2023 Bakhtiyor Zaynutdinov
0%
Gibraltar 4 mln € 2004 Danny Higginbotham
0%
Azerbejdżan 2.5 mln € 2014 Deniz Yılmaz
0%
Wyspy Owcze 1.25 mln € 2006/2010 Gunnar Nielsen/Christian Holst
0%
Cypr 6 mln € 2019 Konstantinos Laifis
0%
Mołdawia 5 mln € 2023 Oleg Reabciuk
0%
Malta 7 mln € 2023 Teddy Teuma
0%
Nie znaleziono quizów pasujących do podanych kryteriów
Rozkład punktacji
Procent ludzi z każdym wynikiem
Percentyl według liczby udzielonych odpowiedzi
Twoja historia wyników
Nie rozwiązałeś tego quizu